| 000 | 01011cam a22002055a 4500 | ||
|---|---|---|---|
| 001 | L160182 | ||
| 008 | 181018s2016 xxk f 000 0 eng d | ||
| 020 | _a9781780434919 | ||
| 035 | _a(Sirsi) u160182 | ||
| 041 | 0 | _aeng | |
| 050 | 0 | 4 | _a711.4 |
| 100 | 1 | _aHarwood, Richard | |
| 245 | 0 | 0 | _aPlanning permission |
| 260 |
_aHaywards Heath _bBloomsbury Professional _c2016 |
||
| 300 | _axcvii, 1145p 25cm | ||
| 520 | _aProvides an outline of the planning system in England and Wales, defines the meaning of development and the material change of use of land process. Looks at the need for planning permission, permitted development rights, planning applications and environmental impact assessments, determining planning applications, material considerations and policy, planning conditions and obligations and call-ins and the role of Ministers in the process. Concludes with a review of planning appeal process. | ||
| 651 | 4 | _aENGLAND AND WALES | |
| 690 |
_aPlanning and development _96259 |
||
| 942 | _n0 | ||
| 999 |
_c116264 _d116264 |
||